000 00645nam a2200217 4500
001 110453
003 ES-MaACL
005 20230906185044.0
007 t|
008 061121s1956 sp r ||||1| spa d
100 1 _aOdy, François.
_986540
245 1 0 _aDimisión de la cirugía /
_cFrançois Ody; versión española de Javier Vidal.
250 _a1ª. ed.
260 _aBarcelona :
_bLuis de Caralt,
_c1956.
300 _a230 p. :
_b`retr. aut.` ;
_c20 cm.
490 1 _aCultura médica
700 1 _aVidal, Javier.
_9114435
830 0 _aCultura médica
_9183701
852 _aES-MaACL
_jC-11376
_bR.39560
999 _c110453
_d110453